Histoire générale, physique et civile de l'Europe (Registro nro. 156832)
[ vista simple ]
| 000 -LEADER | |
|---|---|
| campo de control de longitud fija | 00937nam a22001935i 4500 |
| 001 - NÚMERO DE CONTROL | |
| campo de control | 156832 |
| 003 - IDENTIFICADOR DE NÚMERO DE CONTROL | |
| campo de control | ES-MaACL |
| 005 - FECHA Y HORA DE LA ÚLTIMA TRANSACCIÓN | |
| campo de control | 20250815063235.0 |
| 008 - DATOS DE LONGITUD FIJA--INFORMACIÓN GENERAL | |
| campo de control de longitud fija | 040804s1826 fr |||| | fre d |
| 040 ## - FUENTE DE CATALOGACIÓN | |
| Centro catalogador/agencia de origen | CAM |
| Lengua de catalogación | spa |
| Centro/agencia transcriptor | CAM |
| 100 1# - ENTRADA PRINCIPAL--NOMBRE DE PERSONA | |
| Nombre de persona | Lacépède, Bernard Germain Etienne de la Ville sur Illon, |
| Títulos y otros términos asociados al nombre | Comte de, |
| Fechas asociadas al nombre | 1756-1825 |
| 9 (RLIN) | 69351 |
| 245 10 - MENCIÓN DEL TÍTULO | |
| Título | Histoire générale, physique et civile de l'Europe |
| Resto del título | : depuis les dernières années du cinquième siècle jusque vers le milieu du dix-huitieme / |
| Mención de responsabilidad, etc. | par le comte de Lacépède. |
| 260 ## - PUBLICACIÓN, DISTRIBUCIÓN, ETC. | |
| Lugar de publicación, distribución, etc. | Paris : |
| Nombre del editor, distribuidor, etc. | Cellot, Mame et Delaunay-Vallée éditeurs, |
| Fecha de publicación, distribución, etc. | 1826 ( |
| Fabricante | Imprimerie de Lachevardiere fils) |
| 300 ## - DESCRIPCIÓN FÍSICA | |
| Extensión | 18 cm ; |
| Dimensiones | 20 cm. |
| 596 ## - NOTA AL PIE DE IMPRENTA | |
| NOTA AL PIE DE IMPRENTA | El ed. del t.V al XVIII es "Mame et Delaunay-Vallée éditeurs" y imp. de los t.VII al XVIII es "Imprimerie de Cosson" |
| 651 ## - PUNTO DE ACCESO ADICIONAL DE MATERIA--NOMBRE GEOGRÁFICO | |
| Nombre geográfico | Europa- |
| Subdivisión general | Historia. |
| 9 (RLIN) | 8599 |
| 852 ## - LOCALIZACIÓN | |
| Ubicación | ES-MaACL |
| Número de control de estantería | C-3820-3837 |
| Nota libre | -- Enc. pasta española |
| Estatus retirado | Estado de pérdida | Estado de daño | No para préstamo | Colección | Biblioteca de origen | Biblioteca actual | Ubicación en estantería | Fecha de adquisición | Fuente de adquisición | Total de préstamos | Signatura topográfica completa | Código de barras | Visto por última vez | Precio de reemplazo | Tipo de ítem Koha |
|---|---|---|---|---|---|---|---|---|---|---|---|---|---|---|---|
| Libros del s. XIX | Biblioteca del Ateneo de Madrid | Biblioteca del Ateneo de Madrid | Sala Palomar | 17/01/2008 | C-3820-3837 | 1164087 | 23/02/2023 | 23/02/2023 | Libro impreso antiguo |
